Normal view
MARC view
Entry Topical Term
001 - CONTROL NUMBER
- control field: 17840
003 - CONTROL NUMBER IDENTIFIER
- control field: ARRUPE
005 - DATE AND TIME OF LATEST TRANSACTION
- control field: 20150518131730.0
008 - FIXED-LENGTH DATA ELEMENTS
- fixed length control field: 150518|| aca||aabn | a|a d
040 ## - CATALOGING SOURCE
- Original cataloging agency: ARRUPE
- Transcribing agency: ARRUPE
150 ## - HEADING--TOPICAL TERM
- Topical term or geographic name as entry element: Cosmology
- Form subdivision: Popular works.
670 ## - SOURCE DATA FOUND
- Source citation: Work cat.: (ARRUPE)0: Hooper, Dan, 1976- 17839, Dark cosmos :, 2006.